Rubber wood. 14. Processing sectors in India (Record no. 72692)

MARC details
000 -LEADER
fixed length control field 00371nam a2200145Ia 4500
100 ## - MAIN ENTRY--AUTHOR NAME
Personal name Reghu C.P.
245 #0 - TITLE STATEMENT
Title Rubber wood. 14. Processing sectors in India
260 ## - PUBLICATION, DISTRIBUTION, ETC. (IMPRINT)
Name of publisher Rubber
Year of publication 1998
300 ## - PHYSICAL DESCRIPTION
Number of Pages 14-15
650 ## - SUBJECT ADDED ENTRY--TOPICAL TERM
Topical Term Pioneering problems
650 ## - SUBJECT ADDED ENTRY--TOPICAL TERM
Topical Term Processing units
650 ## - SUBJECT ADDED ENTRY--TOPICAL TERM
Topical Term Product manufacture
942 ## - ADDED ENTRY ELEMENTS (KOHA)
Koha item type Malayalam
Holdings
Withdrawn status Lost status Damaged status Not for loan Home library Current library Date acquired Serial Enumeration / chronology Koha item type
      Journals RRII Library RRII Library 29/12/2021 Volume 391, Issue Malayalam